000
00324 a2200157 4500
001
160700
020
_a
040
_c
Magnum
100
_a
Rey, Marcos
240
1
0
_a
Proclamacao da republica
_l
por
245
1
0
_a
Proclamacao da republica
362
0
_a
1899
440
1
_a
Ática
697
_a
PARADIDATICO
942
_c
BK
999
_c
160700
_d
160700